000 00517nam a2200181Ia 4500
001 21349
005 20260306172912.0
008 260306t2022||||xx |||||||||||||| ||spa||
041 _aESP
082 _a344.528
_bM26D
100 _aMartínez Huamán, Raúl Ernesto
_eAUT
245 0 _aLos delitos más frecuentes en la administración pública:
_bcolusión, peculado, cohecho, otros delitos
260 _c2022
300 _a526 páginas :
_c25 cm.
650 _aGEN
654 _aCDE
942 _cLIB
_dJUS
_fJUS
_2ddc
_n
999 _c21349
_d21349